| 000 | 01966cam a2200517 4500 | ||
|---|---|---|---|
| 001 | 21053 | ||
| 003 | VRT | ||
| 005 | 20260211121603.0 | ||
| 008 | 200316s2018 xo a c 000 f slo | ||
| 015 | _aSNBA2018/08 | ||
| 020 |
_a9788055631943 _q(brožované) |
||
| 035 | _aurn:nbn:sk:snk-am00dj24 | ||
| 035 | _aurn:nbn:sk:snk-am3i3vp | ||
| 035 | _a8AA43A5E-1C53-4C1C-B887-943AFA374B10 | ||
| 039 | 9 |
_a202003160934 _bVLOAD _c201808280704 _dmsnk24 _c201808271030 _dmsnk24 _c201808011033 _dmsnk04 |
|
| 040 |
_aZKSE _bslo _cZKSE _dSNK _erda |
||
| 041 | 1 |
_aslo _heng |
|
| 044 |
_axo _cSK |
||
| 072 | 7 |
_a821.111-3 _xAnglická próza, anglicky písaná _2konspekt |
|
| 072 | 7 |
_a821-93 _xLiteratúra pre deti a mládež (beletria) _2konspekt |
|
| 080 |
_a821.111-3 1 _22011 |
||
| 080 |
_a821-93-053.2 _22011 |
||
| 080 |
_a82-31 _22011 |
||
| 100 | 1 |
_aWilson, Jacqueline, _d1945- _4aut |
|
| 240 | 1 | 0 |
_aRent a bridesmaid _lSlovensky |
| 245 | 1 | 0 |
_aKúpte si družičku! _cJaqueline Wilsonová ; ilustroval Nick Sharratt ; z anglického originálu Rent a bridesmaid ... preložila Soňa Geer |
| 264 | 1 |
_aBratislava _bSlovart _c2018 |
|
| 300 |
_a300 strán _bčiernobiele ilustrácie _c19 cm |
||
| 336 |
_atext _btxt _2rdacontent |
||
| 337 |
_abez média _bn _2rdamedia |
||
| 338 |
_azväzok _bnc _2rdacarrier |
||
| 655 | 7 |
_aanglické romány _2SNKPH |
|
| 655 | 7 |
_apublikácie pre deti _2SNKPH |
|
| 655 | 7 |
_aEnglish fiction _2SNKPHeng |
|
| 655 | 7 |
_aChildren's literature _2SNKPHeng |
|
| 655 | 7 |
_adievčenské romány _2SNKPH |
|
| 655 | 7 |
_aGirls' novels _2SNKPHeng |
|
| 700 | 1 |
_aSharratt, Nick _4ill |
|
| 700 | 1 |
_aGreer, Soňa _4trl |
|
| 942 |
_2ddc _cKLDE _n0 |
||
| 949 |
_6270001000590240 _asvkbbA 154637 _bsvkbbm 777211 |
||
| 949 |
_6273K0634534 _asvkpoA 239384 _bsvkpo627925 |
||
| 949 |
_617A1334270 _asnkSD 87505 _bsnk2018/16290 _o1599/18 _s6100:20180828 |
||
| 949 |
_617A1334271 _asnkSD 87505 D1 _bsnk2018/16291 _o1599/18 |
||
| 949 |
_62889340414 _asavukPV 26503 _bsavuk2018/2812 |
||
| 999 |
_c21053 _d21053 |
||